000 00332cam a22001217a 4500
008 180718b1977 xxu||||| |||| 00| 0 eng d
082 _aT19x54 M474p
100 _aMehta, J.K.
245 _aPresent state of Indian economy
_cby J.K.Mehta
260 _aAllahabad
_bOriental
_c1977
300 _a151p.
650 _aIndia --Economic policy
999 _c436848
_d436848